| 000 | 00438nam a2200181Ia 4500 | ||
|---|---|---|---|
| 005 | 20240823005616.0 | ||
| 008 | 240823s9999||||xx |||||||||||||| ||und|| | ||
| 041 | _aENGLISH | ||
| 082 | _A005.133 N8 | ||
| 100 | _a"Schildt,herbert" | ||
| 245 | 0 | _aC ++ : The Complete reference | |
| 250 | _a2nd | ||
| 260 |
_c1998 _b"TMH,New Delhi" |
||
| 500 | _aTRANSFERED | ||
| 650 |
_aC++ _bInformation Technology |
||
| 942 | _cBK | ||
| 999 |
_c156209 _d156209 |
||